| 000 | 00961nam a2200205 i 4500 | ||
|---|---|---|---|
| 001 | 187491 | ||
| 003 | ES-MaACL | ||
| 005 | 20250826055616.0 | ||
| 008 | 170828s1795 sp |||| | spa d | ||
| 245 | 0 | 0 | _aOrdenanzas que S.M. manda observar para la enseñanza de medicina práctica en las cátedras nuevamente establecidas en el Hospital General de Madrid, con la denominación de Estudio Real de Medicina Práctica. |
| 260 |
_aMadrid : _ben la Imprenta Real, _c1795. |
||
| 300 |
_a54 p. ; _c24 cm. |
||
| 530 | _aDisponible en formato digital. | ||
| 597 | _aPortada con escudo real xilográfico. | ||
| 650 | 7 |
_aMedicina- _xEstudio y enseñanza- _zEspaña _2 _9151425 |
|
| 710 | 1 |
_aEspaña. _bRey (1788-1808: Carlos IV) _9153208 |
|
| 852 |
_aES-MaACL _jR-3015-17 _z- Enc. piel, hierros dorados _x Olim:T-48-F |
||
| 856 |
_uhttp://alfama.sim.ucm.es/dioscorides/consulta_libro.asp?ref=X53326319X&idioma=0 _zFondo Histórico-UCM |
||
| 999 |
_c187491 _d187491 |
||